Conductive polymers and plastics in industrial applications

Saved in:
Bibliographic Details
Other Authors Ruprecht, Larry (Editor)
Format Book
LanguageEnglish
Published Norwich : Plastics Design Library, 1999
Subjects
Online AccessFull text
ISBN1884207774
Physical Description285 s.

Cover

LEADER 00000nam a22000007a 4500
001 2577
003 CZ-ZlUTB
005 20251006164724.0
008 011024s1999 xxu | eng d
020 |a 1884207774 
040 |a ZLD002  |b cze  |c ZLD002 
080 |a 678.5  |2 v 
245 0 0 |a Conductive polymers and plastics in industrial applications 
260 |a Norwich :  |b Plastics Design Library,  |c 1999 
300 |a 285 s. 
650 0 4 |a PLASTY 
650 0 4 |a POLYMERY 
650 0 4 |a vodivost 
655 7 |a sborníky  |7 fd163935  |2 czenas 
700 1 |a Ruprecht, Larry  |4 edt 
856 4 1 |u http://app.knovel.com/hotlink/toc/id:kpCPPIA00E/conductive-polymers-plastics 
910 |a ZLD002 
952 |0 0  |1 0  |4 0  |6 6785CONDUCTIVE  |7 0  |8 BOOK  |9 4015  |a UTBZL  |b UTBZL  |c 015  |d 2006-07-29  |l 0  |o 678.5/CONDUCTIVE  |p 420010075126  |q 2099-12-31  |r 2019-08-25 00:00:00  |v 7250.00  |w 2019-08-25  |x opravit signaturu | 20100930  |y 08 
992 |a BK 
999 |c 2577  |d 2577